[Event "SR 2. liga A 2016/2017"]
[Site "?"]
[Date "2017.02.12"]
[Round "9.3"]
[White "Gasa, Patrik"]
[Black "Sulek, Viliam"]
[Result "1-0"]
[WhiteElo "2148"]
[BlackElo "2045"]
[PlyCount "91"]
[EventDate "2016.??.??"]

1. d4 Nf6 2. Nf3 g6 3. Nc3 d5 4. Bf4 Bg7 5. e3 c6 6. Be2 O-O 7. Ne5 Nbd7 8. h4
Nxe5 9. Bxe5 b5 10. g4 b4 11. Na4 Ne4 12. Bxg7 Kxg7 13. f3 Nd6 14. Qd2 h6 15.
Qxb4 Qc7 16. O-O-O Rb8 17. Qc3 a5 18. Nc5 Qb6 19. e4 e6 20. a3 Nb5 21. Qe3 Nd6
22. Na4 Qc7 23. e5 Nb7 24. h5 g5 25. f4 Qe7 26. fxg5 Qxg5 27. Qxg5+ hxg5 28.
h6+ Kh8 29. Rdf1 Bd7 30. Bd3 Be8 31. h7 c5 32. Nxc5 Nxc5 33. dxc5 Bb5 34. Rh5
Bxd3 35. cxd3 Rb3 36. d4 a4 37. Rxg5 Rfb8 38. Rxf7 Rc3+ 39. Kd1 Rd3+ 40. Ke1
Rxd4 41. c6 Re4+ 42. Kf1 Rc4 43. c7 Rc1+ 44. Ke2 Rxb2+ 45. Kd3 Rb3+ 46. Kd2 1-0

[Event "SR 2. liga A 2016/2017"]
[Site "?"]
[Date "2017.02.12"]
[Round "9.3"]
[White "Nemeckay, Rastislav"]
[Black "Kostolansky, Sebastian Lukas"]
[Result "0-1"]
[WhiteElo "1990"]
[BlackElo "2083"]
[PlyCount "58"]
[EventDate "2016.??.??"]

1. e4 e6 2. d4 d5 3. e5 c5 4. c3 Qb6 5. Nf3 Nc6 6. a3 a5 7. a4 Bd7 8. Bb5 cxd4
9. Bxc6 bxc6 10. Nxd4 Ne7 11. O-O c5 12. Ne2 Nc6 13. f4 Be7 14. Nd2 O-O 15. Nf3
Rab8 16. f5 exf5 17. Qxd5 Be6 18. Qd2 Rfd8 19. Qf4 Rd5 20. Re1 Rbd8 21. Be3
Nxe5 22. Nxe5 Bd6 23. Qf2 Rxe5 24. b4 axb4 25. cxb4 Qxb4 26. Red1 Bb3 27. Rxd6
Rxd6 28. Bf4 Rxe2 29. Qxe2 Qd4+ 0-1

[Event "SR 2. liga A 2016/2017"]
[Site "?"]
[Date "2017.02.12"]
[Round "9.3"]
[White "Cambel, Vladimir"]
[Black "Diviak, Rastislav"]
[Result "1-0"]
[WhiteElo "2010"]
[BlackElo "1967"]
[PlyCount "49"]
[EventDate "2016.??.??"]

1. Nf3 d5 2. c4 d4 3. e3 Nc6 4. b4 dxe3 5. fxe3 Nxb4 6. d4 e6 7. a3 Na6 8. Bd3
c5 9. O-O Nf6 10. Nc3 Be7 11. Ne4 O-O 12. Rb1 b6 13. Nfg5 h6 14. Nxf6+ Bxf6 15.
Nh7 cxd4 16. Nxf6+ gxf6 17. Qg4+ Kh8 18. Qh5 Kg7 19. Qg4+ Kh8 20. Qe4 f5 21.
Qxa8 dxe3 22. Be2 Qg5 23. Qf3 f4 24. Qxf4 Qg6 25. Qf6+ 1-0

[Event "SR 2. liga A 2016/2017"]
[Site "?"]
[Date "2017.02.12"]
[Round "9.3"]
[White "Ocko, Martin"]
[Black "Hudec, Jan"]
[Result "1-0"]
[WhiteElo "1947"]
[BlackElo "2002"]
[PlyCount "113"]
[EventDate "2016.??.??"]

1. d4 d5 2. Nf3 c6 3. g3 e6 4. Bg2 Bd6 5. b3 Qe7 6. Bb2 Nf6 7. O-O Ne4 8. Nbd2
f5 9. Ne5 O-O 10. e3 Bd7 11. f4 Be8 12. Nxe4 fxe4 13. c4 Nd7 14. Nxd7 Bxd7 15.
Qd2 Be8 16. c5 Bc7 17. Qe2 Rf6 18. b4 h5 19. Rfb1 Rh6 20. h4 Rg6 21. Kh2 Bd8
22. Bh3 a6 23. a4 Rf6 24. Bc3 Bg6 25. b5 axb5 26. axb5 Rxa1 27. Rxa1 cxb5 28.
Qxb5 Be8 29. Qb2 Bc6 30. Qe2 g6 31. Qb2 Kh7 32. Bf1 Bc7 33. Ba5 Bxa5 34. Rxa5
Rf7 35. Qb6 Kg7 36. Bb5 Bxb5 37. Qxb5 Kf6 38. Ra8 Qd7 39. Qxd7 Rxd7 40. Rh8 Rf7
41. Kh3 Kf5 42. Rc8 Kf6 43. g4 hxg4+ 44. Kxg4 Kg7 45. h5 gxh5+ 46. Kxh5 Kf6 47.
Kh6 Kf5 48. Rg8 Kf6 49. Rg6+ Ke7 50. Rg7 Kf6 51. Rxf7+ Kxf7 52. Kh7 Kf6 53. Kg8
Kf5 54. Kf7 Kg4 55. Kxe6 Kf3 56. f5 Kxe3 57. f6 1-0

[Event "SR 2. liga A 2016/2017"]
[Site "?"]
[Date "2017.02.12"]
[Round "9.3"]
[White "Zetocha, Adrian"]
[Black "Sobek, Michal"]
[Result "1-0"]
[WhiteElo "1987"]
[BlackElo "1954"]
[PlyCount "45"]
[EventDate "2016.??.??"]

1. d4 Nf6 2. Nf3 g6 3. e3 Bg7 4. Bd3 c5 5. c3 cxd4 6. exd4 O-O 7. O-O Nc6 8.
Re1 d6 9. Bg5 Qa5 10. Nbd2 Bf5 11. Nb3 Qc7 12. Bxf5 gxf5 13. d5 Ne5 14. Nbd4
Qd7 15. Nh4 Ne4 16. Bxe7 Nxf2 17. Kxf2 Qxe7 18. Nhxf5 Qg5 19. Kg1 Nc4 20. Nxg7
Kxg7 21. Re4 Qxd5 22. Qf3 Qc5 23. Rg4+ 1-0

[Event "SR 2. liga A 2016/2017"]
[Site "?"]
[Date "2017.02.12"]
[Round "9.4"]
[White "Jablonicky, Martin"]
[Black "Ruckschloss, Karol"]
[Result "1-0"]
[WhiteElo "2270"]
[BlackElo "2257"]
[PlyCount "79"]
[EventDate "2016.??.??"]

1. d4 g6 2. e4 Bg7 3. Nf3 d6 4. c4 Nf6 5. Nc3 O-O 6. Be2 Nbd7 7. Bg5 h6 8. Be3
Ng4 9. Bd2 e5 10. d5 c5 11. h3 Ngf6 12. g4 Ne8 13. Qc1 Kh7 14. h4 Rh8 15. h5 g5
16. Nh2 Ndf6 17. f3 Ng8 18. Nf1 Ne7 19. Ne3 a6 20. O-O Rb8 21. a3 Bd7 22. b4 b5
23. bxc5 dxc5 24. cxb5 axb5 25. a4 Nd6 26. Nxb5 Bxb5 27. axb5 Nxb5 28. Bxb5
Rxb5 29. Qc4 Qd7 30. Rfb1 Rhb8 31. Rxb5 Rxb5 32. Ra5 Rxa5 33. Bxa5 Bf8 34. Qxc5
Nf5 35. Qc6 Qa7 36. Qb6 Bc5 37. Qxa7 Bxa7 38. exf5 Bxe3+ 39. Kf1 Bc5 40. Bc7
1-0

[Event "SR 2. liga A 2016/2017"]
[Site "?"]
[Date "2017.02.12"]
[Round "9.4"]
[White "Janos, Martin"]
[Black "Danada, Tomas"]
[Result "1/2-1/2"]
[WhiteElo "2205"]
[BlackElo "2222"]
[PlyCount "41"]
[EventDate "2016.??.??"]

1. Nf3 g6 2. e4 Bg7 3. Bc4 c6 4. Nc3 b5 5. Bd3 d6 6. Qe2 Nd7 7. Nd1 Nc5 8. c3
Nxd3+ 9. Qxd3 Nf6 10. Qe2 O-O 11. d3 a5 12. O-O b4 13. Re1 Bg4 14. c4 Nd7 15.
Ne3 Bxf3 16. Qxf3 a4 17. Rb1 b3 18. a3 Qa5 19. Rd1 Rac8 20. Bd2 Qh5 21. Qxh5
1/2-1/2

[Event "SR 2. liga A 2016/2017"]
[Site "?"]
[Date "2017.02.12"]
[Round "9.4"]
[White "Janos, Jozef"]
[Black "Packa, Ladislav"]
[Result "1/2-1/2"]
[WhiteElo "2135"]
[BlackElo "2144"]
[PlyCount "47"]
[EventDate "2016.??.??"]

1. d4 Nf6 2. Nf3 g6 3. c4 Bg7 4. Nc3 O-O 5. e4 d6 6. Be2 e5 7. O-O Nc6 8. d5
Ne7 9. Ne1 Ne8 10. Nd3 f5 11. f3 f4 12. Bd2 g5 13. b4 Ng6 14. c5 Rf7 15. Rc1
Bf8 16. Nb5 Rg7 17. Rc3 h5 18. Nf2 a6 19. Na3 Nf6 20. h3 Nh4 21. Be1 a5 22.
bxa5 dxc5 23. Nc4 Bd6 24. Rb3 1/2-1/2

[Event "SR 2. liga A 2016/2017"]
[Site "?"]
[Date "2017.02.12"]
[Round "9.4"]
[White "Jablonicky, Frantisek"]
[Black "Kolcak, Marek"]
[Result "1/2-1/2"]
[WhiteElo "2085"]
[BlackElo "2155"]
[PlyCount "78"]
[EventDate "2016.??.??"]

1. Nf3 d5 2. d4 Nf6 3. Bf4 c5 4. c3 Nc6 5. e3 Qb6 6. Qb3 c4 7. Qc2 g6 8. Nbd2
Bf5 9. Qc1 Nh5 10. Bg3 Bh6 11. Be2 Nf6 12. O-O O-O 13. h3 Bg7 14. Bh2 h5 15. b3
cxb3 16. axb3 Rfc8 17. c4 Nb4 18. Qc3 a5 19. Ne5 Nd7 20. g4 hxg4 21. hxg4 f6
22. Nxd7 Bxd7 23. f4 Kf7 24. f5 gxf5 25. gxf5 Rh8 26. c5 Qd8 27. e4 e6 28. Bg4
e5 29. dxe5 fxe5 30. Nf3 dxe4 31. f6 exf3 32. fxg7 Bxg4 33. gxh8=N+ Qxh8 34.
Rxf3+ Bxf3 35. Qxf3+ Ke6 36. Qg4+ Ke7 37. Qg5+ Ke6 38. Qg4+ Ke7 39. Qg5+ Ke6
1/2-1/2

[Event "SR 2. liga A 2016/2017"]
[Site "?"]
[Date "2017.02.12"]
[Round "9.4"]
[White "Fabry, Robert"]
[Black "Zigo, Rastislav"]
[Result "1-0"]
[WhiteElo "2095"]
[BlackElo "1983"]
[PlyCount "75"]
[EventDate "2016.??.??"]

1. e4 c5 2. Nf3 d6 3. d4 cxd4 4. Nxd4 a6 5. c4 Nf6 6. Nc3 e6 7. Be2 Be7 8. O-O
Nc6 9. Be3 O-O 10. Rc1 Re8 11. a3 Qc7 12. Nd5 Qd8 13. Nxc6 bxc6 14. Bb6 Qd7 15.
Nc7 Rb8 16. Nxe8 Rxb6 17. Nxf6+ Bxf6 18. b4 Rb8 19. Qd2 Bb7 20. Rcd1 Rd8 21. f4
Qc7 22. Qe3 a5 23. e5 Be7 24. exd6 Bxd6 25. c5 Be7 26. Rxd8+ Bxd8 27. Rd1 Bf6
28. Qd2 g6 29. Qd6 Qc8 30. Bf3 axb4 31. axb4 Qa8 32. Qd7 Qa6 33. Qe8+ Kg7 34.
Rd7 Qa1+ 35. Kf2 Qa2+ 36. Kg3 e5 37. fxe5 Bg5 38. e6 1-0

[Event "SR 2. liga A 2016/2017"]
[Site "?"]
[Date "2017.02.12"]
[Round "9.4"]
[White "Lukacovic, Miroslav"]
[Black "Kolman, Richard"]
[Result "1-0"]
[WhiteElo "1968"]
[BlackElo "2020"]
[PlyCount "69"]
[EventDate "2016.??.??"]

1. d4 d5 2. Nf3 Nf6 3. Bf4 e6 4. e3 Nbd7 5. Nbd2 Be7 6. Bd3 c5 7. c3 b6 8. Qa4
c4 9. Bb1 Bb7 10. O-O a6 11. Re1 b5 12. Qd1 O-O 13. Ne5 Nxe5 14. Bxe5 Nd7 15.
Bg3 f5 16. f3 g6 17. Qe2 Rf7 18. Bc2 a5 19. e4 dxe4 20. fxe4 f4 21. Bf2 e5 22.
Rad1 Qc7 23. Nf3 Bf6 24. Rd2 Re8 25. Qd1 Rfe7 26. Rde2 g5 27. b3 Rg7 28. g4
Rge7 29. bxc4 bxc4 30. Ba4 Rd8 31. Bb5 Rc8 32. d5 Qd6 33. Rb2 Ba6 34. Bxd7 Qxd7
35. Rb6 1-0

[Event "SR 2. liga A 2016/2017"]
[Site "?"]
[Date "2017.02.12"]
[Round "9.4"]
[White "Kuna, Vladimir"]
[Black "Sipkovsky, Ladislav"]
[Result "1-0"]
[WhiteElo "2009"]
[BlackElo "1831"]
[PlyCount "123"]
[EventDate "2016.??.??"]

1. d4 d5 2. Nf3 g6 3. c4 c6 4. Nc3 Bg7 5. Bf4 Nf6 6. e3 Bg4 7. h3 Bxf3 8. Qxf3
O-O 9. Bd3 dxc4 10. Bxc4 Nbd7 11. O-O Nb6 12. Bb3 Nfd5 13. Nxd5 Nxd5 14. Bh2 e6
15. Rac1 Qf6 16. Qe2 Rfc8 17. a3 Qe7 18. Rc2 Nb6 19. Rfc1 Bf8 20. Qf3 Bg7 21.
Bg3 Qf6 22. Qg4 h5 23. Qe2 Bf8 24. Be5 Qh4 25. Qf3 Bg7 26. Bf4 Qe7 27. Ba2 Nd5
28. Bh2 Qd7 29. Bxd5 cxd5 30. Qe2 a6 31. Rc7 Qd8 32. Qc2 Rxc7 33. Qxc7 Qxc7 34.
Rxc7 b5 35. Kf1 Bf8 36. Ke1 Rd8 37. Kd2 Bd6 38. Bxd6 Rxd6 39. Kc3 f6 40. Kb4
Kf8 41. Kc5 Rd8 42. b4 Ke8 43. Kb6 e5 44. Kxa6 exd4 45. exd4 Ra8+ 46. Kxb5 Rxa3
47. Kc5 Ra2 48. b5 Rxf2 49. b6 Kd8 50. Kxd5 Rb2 51. Kc6 Rc2+ 52. Kd6 Rb2 53.
Rc6 Rb5 54. d5 f5 55. Ke6 f4 56. d6 Rb2 57. Rc7 Rxb6 58. Rg7 Kc8 59. Rxg6 Kb8
60. Ke7 Ka7 61. Re6 Rb2 62. d7 1-0

[Event "SR 2. liga A 2016/2017"]
[Site "?"]
[Date "2017.02.12"]
[Round "9.5"]
[White "Bronis, Marian"]
[Black "Schwarz, Dusan"]
[Result "0-1"]
[WhiteElo "2098"]
[BlackElo "2303"]
[PlyCount "80"]
[EventDate "2016.??.??"]

1. e3 d5 2. Nf3 Nf6 3. b3 g6 4. Bb2 Bg7 5. Be2 O-O 6. O-O c5 7. c4 d4 8. exd4
Nh5 9. Ne5 cxd4 10. Bxh5 Bxe5 11. Bf3 Nc6 12. d3 Qc7 13. g3 Bh3 14. Re1 Rad8
15. Nd2 Bg7 16. Ne4 Ne5 17. Bh1 Bg4 18. f3 Bd7 19. Bc1 f5 20. Nf2 Nc6 21. Bg5
Rde8 22. Qd2 e5 23. b4 Nd8 24. b5 Nf7 25. f4 Nxg5 26. fxg5 e4 27. Nh3 e3 28.
Bd5+ Kh8 29. Qg2 f4 30. Nxf4 Be5 31. Rf1 Bxf4 32. Rxf4 Rxf4 33. gxf4 Qxf4 34.
Rf1 Qh4 35. Qg3 Qxg3+ 36. hxg3 Bf5 37. Bxb7 Bxd3 38. Bc6 Bxf1 39. Kxf1 Rf8+ 40.
Ke1 d3 0-1

[Event "SR 2. liga A 2016/2017"]
[Site "?"]
[Date "2017.02.12"]
[Round "9.5"]
[White "Vrbova, Niki"]
[Black "Sukuba, Zdeno"]
[Result "0-1"]
[WhiteElo "2201"]
[BlackElo "2138"]
[PlyCount "106"]
[EventDate "2016.??.??"]

1. e4 c6 2. d3 d5 3. Nd2 e5 4. Ngf3 Bd6 5. g3 Ne7 6. Bg2 O-O 7. O-O Bg4 8. h3
Bh5 9. g4 Bg6 10. Nh4 Nd7 11. Re1 Nc5 12. Nf1 dxe4 13. dxe4 Bc7 14. Qe2 Bb6 15.
Ng3 Ne6 16. c3 Qc7 17. Nhf5 Nf4 18. Qf3 Nxg2 19. Kxg2 Rad8 20. h4 f6 21. h5
Nxf5 22. gxf5 Be8 23. Be3 c5 24. Rad1 Bf7 25. h6 Rxd1 26. Rxd1 Rd8 27. Qg4 g6
28. fxg6 Bxg6 29. Qe6+ Qf7 30. Rxd8+ Bxd8 31. Qc8 Qc7 32. Qxc7 Bxc7 33. Bxc5 b6
34. Be3 Kf7 35. Kf3 Ke6 36. Kg4 a6 37. f3 b5 38. Bc5 Bd8 39. b3 a5 40. Be3 Be7
41. f4 Bf7 42. fxe5 fxe5 43. Bg5 Ba3 44. Nf5 a4 45. Bd2 Kd7 46. Kg5 Bxb3 47.
Kf6 Bxa2 48. Kxe5 Bb2 49. Nd4 Bc4 50. Nc2 a3 51. Nb4 a2 52. Nxa2 Bxa2 53. Kf5
Bb1 0-1

[Event "SR 2. liga A 2016/2017"]
[Site "?"]
[Date "2017.02.12"]
[Round "9.5"]
[White "Biro, Karol"]
[Black "Cech, Dominik"]
[Result "1-0"]
[WhiteElo "2080"]
[BlackElo "2212"]
[PlyCount "135"]
[EventDate "2016.??.??"]

1. d4 Nf6 2. Nf3 g6 3. Bg5 Bg7 4. Nc3 d5 5. e3 O-O 6. Bd3 c5 7. O-O cxd4 8.
exd4 Nc6 9. h3 h6 10. Be3 Re8 11. Bb5 Bd7 12. Ba4 Na5 13. Bb3 e6 14. Re1 Rc8
15. Bf4 b5 16. a3 Qb6 17. Ne5 Rf8 18. Ne2 Bc6 19. Ng3 Nc4 20. Bxc4 dxc4 21.
Nxc6 Qxc6 22. Be5 Rfd8 23. c3 a5 24. Qd2 Kh7 25. Qf4 g5 26. Qd2 Rg8 27. Qc2+
Kh8 28. Qe2 Nd7 29. Bxg7+ Rxg7 30. Rad1 Qd5 31. Ne4 Rb8 32. Qe3 Kh7 33. Nc5 Rd8
34. Nxd7 Rxd7 35. Qg3 f6 36. Re2 e5 37. Qg4 Rge7 38. Rde1 Rd8 39. Qf5+ Kg7 40.
dxe5 fxe5 41. Rxe5 Rxe5 42. Qxe5+ Qxe5 43. Rxe5 Rd1+ 44. Kh2 b4 45. axb4 axb4
46. cxb4 Rd2 47. Re4 Rxf2 48. Rxc4 Rxb2 49. h4 gxh4 50. Rxh4 Kg6 51. Rc4 h5 52.
Kh3 Rb3+ 53. g3 Rb1 54. Rc6+ Kg7 55. Rb6 Rh1+ 56. Kg2 Rb1 57. b5 Rb4 58. Kh3
Kf7 59. Rb8 Kg7 60. b6 Kh7 61. b7 Kg7 62. Kg2 Rb3 63. Kf2 Kh7 64. Ke2 Kg7 65.
Kd2 Kh7 66. Kc2 Rxg3 67. Rc8 Rg2+ 68. Kd3 1-0

[Event "SR 2. liga A 2016/2017"]
[Site "?"]
[Date "2017.02.12"]
[Round "9.5"]
[White "Petrik, Stanislav"]
[Black "Janos, Ivan"]
[Result "0-1"]
[WhiteElo "2134"]
[BlackElo "2037"]
[PlyCount "76"]
[EventDate "2016.??.??"]

1. e4 c5 2. Nf3 Nc6 3. Bb5 g6 4. O-O Bg7 5. c3 a6 6. Ba4 b5 7. Bc2 Qb6 8. Re1
d6 9. h3 e5 10. a4 Rb8 11. Na3 Nge7 12. axb5 axb5 13. Bd3 Ba6 14. Bf1 O-O 15.
d3 d5 16. exd5 Nxd5 17. c4 bxc4 18. Nxc4 Bxc4 19. dxc4 Ndb4 20. Bg5 h6 21. Bh4
Rfe8 22. Bg3 Rbd8 23. Qa4 e4 24. Qb5 Qxb5 25. cxb5 exf3 26. bxc6 Rxe1 27. c7
Rxf1+ 28. Kxf1 Rc8 29. Ra5 Bd4 30. Rb5 Na6 31. Rb6 Nxc7 32. Rc6 Ra8 33. gxf3
Ne6 34. b3 Ra2 35. Rb6 Rb2 36. Rb8+ Kg7 37. Kg2 g5 38. h4 Nf4+ 0-1

[Event "SR 2. liga A 2016/2017"]
[Site "?"]
[Date "2017.02.12"]
[Round "9.5"]
[White "Petreje, Juraj"]
[Black "Orosi, Peter"]
[Result "0-1"]
[WhiteElo "1949"]
[BlackElo "2097"]
[PlyCount "74"]
[EventDate "2016.??.??"]

1. Nf3 Nf6 2. g3 b6 3. Bg2 Bb7 4. O-O e6 5. b3 Be7 6. Bb2 c5 7. d3 O-O 8. Nbd2
d6 9. Re1 Nbd7 10. a4 a6 11. e4 Qc7 12. Qe2 Ng4 13. h3 Bf6 14. c3 Nge5 15. Nh2
Nc6 16. f4 g6 17. Ndf3 b5 18. axb5 axb5 19. d4 cxd4 20. cxd4 Qb6 21. Qf2 Rfc8
22. Rxa8 Rxa8 23. e5 Be7 24. Ra1 Na5 25. Nd2 Bxg2 26. Kxg2 Rc8 27. b4 Nc4 28.
Bc3 Ncxe5 29. dxe5 Rxc3 30. Ra7 Qc6+ 31. Nhf3 dxe5 32. fxe5 Bxb4 33. Qd4 Rxf3
34. Nxf3 Qc2+ 35. Kf1 Bc5 36. Ra8+ Kg7 37. Ne1 Qh2 0-1

[Event "SR 2. liga A 2016/2017"]
[Site "?"]
[Date "2017.02.12"]
[Round "9.5"]
[White "Petrik, Karol"]
[Black "Povysil, Peter"]
[Result "1/2-1/2"]
[WhiteElo "2108"]
[BlackElo "1971"]
[PlyCount "44"]
[EventDate "2016.??.??"]

1. e4 c5 2. Nf3 Nc6 3. Bb5 g6 4. O-O Bg7 5. Re1 e5 6. c3 Nge7 7. d3 O-O 8. h3
a6 9. Ba4 b5 10. Bb3 d5 11. Qe2 h6 12. Nbd2 d4 13. a4 Rb8 14. Nf1 Na5 15. Bc2
Be6 16. axb5 axb5 17. b4 cxb4 18. cxd4 b3 19. Bd2 b4 20. Bb1 exd4 21. Bc1 Qb6
22. Bb2 Rfd8 1/2-1/2

[Event "SR 2. liga A 2016/2017"]
[Site "?"]
[Date "2017.02.12"]
[Round "9.5"]
[White "Mandak, Miroslav"]
[Black "Polacik, Igor"]
[Result "0-1"]
[WhiteElo "1991"]
[BlackElo "2199"]
[PlyCount "165"]
[EventDate "2016.??.??"]

1. d4 Nf6 2. Nf3 g6 3. c4 Bg7 4. Nc3 d5 5. e3 O-O 6. cxd5 Nxd5 7. Bc4 Nb6 8.
Bb3 Nc6 9. O-O e5 10. d5 Na5 11. Bc2 f5 12. e4 Nac4 13. Nd2 f4 14. Bb3 Nd6 15.
a4 Nd7 16. Nc4 Nc5 17. Nxd6 cxd6 18. Bc4 a5 19. Be2 h5 20. Ra3 Rf7 21. Bd2 Bf8
22. Be1 Rh7 23. Kh1 Qe8 24. Rg1 Kh8 25. Qc2 g5 26. Nb5 g4 27. b4 axb4 28. Bxb4
b6 29. Bxc5 bxc5 30. Rf1 Qg6 31. Rg1 h4 32. Bf1 Bh6 33. f3 Bg5 34. h3 g3 35.
Bc4 Bd8 36. Rga1 Ba5 37. Bf1 Rb7 38. Bc4 Kg7 39. R3a2 Kf8 40. Kg1 Ke7 41. Rb1
Bd7 42. Rba1 Qe8 43. Qe2 Qd8 44. Qf1 Bb4 45. Kh1 Qa5 46. Qc1 Be8 47. Kg1 Rbb8
48. Kf1 Bd7 49. Qc2 Qd8 50. Kg1 Qb6 51. Kh1 Qa5 52. Qc1 Qb6 53. Qc2 Ra5 54. Qb3
Qd8 55. Qc2 Qc8 56. Bf1 Rb7 57. Kg1 Qb8 58. Qd1 Qa8 59. Qc2 Qe8 60. Qd1 Qh5 61.
Qb3 Qh8 62. Qc2 Qa8 63. Qb3 Qd8 64. Kh1 Rb8 65. Qc2 Rba8 66. Qb3 Qb6 67. Qc2
Rb8 68. Qb3 Raa8 69. Qc2 Qa5 70. Qc1 Bxb5 71. axb5 Qxa2 72. Rxa2 Rxa2 73. Qc4
Ra1 74. Kg1 Kd8 75. Qc2 Kc7 76. Qb2 Rba8 77. b6+ Kxb6 78. Qe2 R8a5 79. Qc4 Kc7
80. Qd3 Re1 81. Qc4 Raa1 82. Qb5 Rxf1+ 83. Qxf1 0-1

[Event "SR 2. liga A 2016/2017"]
[Site "?"]
[Date "2017.02.12"]
[Round "9.5"]
[White "Krajnak, Robert"]
[Black "Kebis, Milos"]
[Result "1-0"]
[WhiteElo "2042"]
[BlackElo "1895"]
[PlyCount "46"]
[EventDate "2016.??.??"]

1. c4 Nf6 2. Nf3 e6 3. e4 d6 4. d4 Be7 5. Nc3 O-O 6. Be2 Nbd7 7. O-O c5 8. b3
b6 9. Bb2 Bb7 10. d5 e5 11. Ne1 Re8 12. Bc1 Nf8 13. a3 Bc8 14. b4 Ng6 15. Nd3
Bf8 16. Rb1 Bd7 17. Qb3 h6 18. Bd2 Qc7 19. Rbc1 Rac8 20. b5 Qd8 21. a4 Nh7 22.
Bh5 Qf6 23. Ne2 Ng5 {necitatelne partiare} 1-0

[Event "SR 2. liga A 2016/2017"]
[Site "?"]
[Date "2017.02.12"]
[Round "9.6"]
[White "Sosovicka, Juraj"]
[Black "Lintner, Igor"]
[Result "1/2-1/2"]
[WhiteElo "2167"]
[BlackElo "2253"]
[PlyCount "38"]
[EventDate "2016.??.??"]

1. e4 c5 2. Nf3 e6 3. b3 d6 4. Bb2 Nf6 5. e5 dxe5 6. Nxe5 Be7 7. Be2 Nbd7 8.
O-O Qc7 9. Nxd7 Bxd7 10. Nc3 O-O 11. Bf3 Rad8 12. Re1 Bc6 13. d3 b5 14. Qe2 Rd7
15. Bxc6 Qxc6 16. Ne4 Nxe4 17. Qxe4 Qxe4 18. Rxe4 Bf6 19. Bxf6 gxf6 1/2-1/2

[Event "SR 2. liga A 2016/2017"]
[Site "?"]
[Date "2017.02.12"]
[Round "9.6"]
[White "Bednar, Jan"]
[Black "Duben, Igor"]
[Result "1/2-1/2"]
[WhiteElo "2077"]
[BlackElo "2233"]
[PlyCount "22"]
[EventDate "2016.??.??"]

1. e4 e6 2. d4 d5 3. Nd2 c5 4. exd5 exd5 5. Ngf3 Nf6 6. Bb5+ Bd7 7. Bxd7+ Nbxd7
8. O-O Be7 9. Re1 O-O 10. dxc5 Nxc5 11. Nb3 Nce4 1/2-1/2

[Event "SR 2. liga A 2016/2017"]
[Site "?"]
[Date "2017.02.12"]
[Round "9.6"]
[White "Sosovicka, Matej"]
[Black "Macka, Oto"]
[Result "1/2-1/2"]
[WhiteElo "2201"]
[BlackElo "2020"]
[PlyCount "24"]
[EventDate "2016.??.??"]

1. e4 e6 2. d4 d5 3. Nd2 Nc6 4. Ngf3 Nf6 5. e5 Nd7 6. c3 f6 7. exf6 Qxf6 8. Nb3
Bd6 9. Be2 O-O 10. O-O Nb6 11. Bg5 Qf7 12. Bh4 e5 1/2-1/2

[Event "SR 2. liga A 2016/2017"]
[Site "?"]
[Date "2017.02.12"]
[Round "9.6"]
[White "Vrtiakova, Anna"]
[Black "Oprea, Erik"]
[Result "1/2-1/2"]
[WhiteElo "1992"]
[BlackElo "2163"]
[PlyCount "149"]
[EventDate "2016.??.??"]

1. e4 d5 2. exd5 Nf6 3. d4 Nxd5 4. Nf3 e6 5. g3 Be7 6. Bg2 O-O 7. O-O Nd7 8. c4
N5b6 9. Qe2 Re8 10. Nc3 Nf6 11. b3 c6 12. Bb2 Nbd7 13. Rad1 Qc7 14. Ne5 a6 15.
Ne4 Nxe5 16. dxe5 Nxe4 17. Bxe4 g6 18. Rd3 Bd7 19. Rfd1 Red8 20. Kg2 Be8 21. f4
Rxd3 22. Rxd3 Rd8 23. Bc3 b5 24. cxb5 cxb5 25. Rxd8 Qxd8 26. Qd2 Qc7 27. Ba5
Qc8 28. Qc3 Qd7 29. Qd2 Qa7 30. Bd8 b4 31. Bxe7 Qxe7 32. Qd4 Bb5 33. Kf3 a5 34.
Ke3 Qc7 35. Kd2 Kg7 36. Bf3 Ba6 37. Be4 Bb7 38. Bxb7 Qxb7 39. Qe3 Qh1 40. Qe2
Qa1 41. Ke3 h5 42. Qd2 g5 43. Kd3 gxf4 44. gxf4 Qf1+ 45. Kd4 Qf3 46. Kc4 Qc6+
47. Kd3 Qf3+ 48. Kc4 Qc6+ 49. Kd4 h4 50. Qe2 Qc3+ 51. Ke4 h3 52. Qg4+ Kf8 53.
Qh4 Qc2+ 54. Kd4 Qc3+ 55. Ke4 Qc6+ 56. Kd4 Qc3+ 57. Ke4 Qc2+ 58. Kd4 Qd2+ 59.
Kc5 Qe3+ 60. Kb5 Ke8 61. Kxa5 Qc5+ 62. Ka4 Kd7 63. Qe1 Qa7+ 64. Kxb4 Qxa2 65.
Qd1+ Ke8 66. Qg1 Qd2+ 67. Kb5 Qxf4 68. Qc5 Qxh2 69. Qc8+ Ke7 70. Qc7+ Kf8 71.
Qd8+ Kg7 72. Qg5+ Kh7 73. Qh5+ Kg8 74. Qg5+ Kf8 75. Qd8+ 1/2-1/2

[Event "SR 2. liga A 2016/2017"]
[Site "?"]
[Date "2017.02.12"]
[Round "9.6"]
[White "Kucera, Michal"]
[Black "Helbich, Branislav"]
[Result "1-0"]
[WhiteElo "1929"]
[BlackElo "1961"]
[PlyCount "117"]
[EventDate "2016.??.??"]

1. e4 e5 2. Nf3 Nc6 3. Bb5 a6 4. Ba4 Nf6 5. O-O b5 6. Bb3 Be7 7. Re1 d6 8. c3
Bg4 9. d3 Na5 10. Bc2 c5 11. Nbd2 O-O 12. h3 Bh5 13. Nf1 Qc7 14. Ng3 Bg6 15.
Bg5 h6 16. Bd2 Rfc8 17. Qe2 Nc6 18. Nf5 Bxf5 19. exf5 Bf8 20. Nh2 Re8 21. Ng4
Qd8 22. Qf3 Rc8 23. Kh1 Nxg4 24. Qxg4 Qf6 25. Qe4 Red8 26. g4 d5 27. Qg2 d4 28.
Re2 c4 29. Rd1 b4 30. cxb4 Nxb4 31. Bxb4 Bxb4 32. a3 Ba5 33. dxc4 Rxc4 34. Bd3
Rcc8 35. Qf3 Qd6 36. Re4 Bc7 37. Rg1 f6 38. h4 Bb8 39. g5 hxg5 40. hxg5 Kf7 41.
Qh5+ Ke7 42. Qg6 Rh8+ 43. Kg2 Rhg8 44. Rge1 Qb6 45. R1e2 a5 46. f4 Qb7 47. Kf2
Qd5 48. fxe5 Bxe5 49. b3 Qxb3 50. Rxe5+ fxe5 51. Rxe5+ Kd7 52. f6 Rce8 53. Bb5+
Kd6 54. Rxe8 Rxe8 55. f7+ Re6 56. f8=Q+ Kd5 57. Qgf5+ Re5 58. Qf3+ Qxf3+ 59.
Qxf3+ 1-0

[Event "SR 2. liga A 2016/2017"]
[Site "?"]
[Date "2017.02.12"]
[Round "9.6"]
[White "Goga, Frantisek"]
[Black "Ochrana, Ladislav"]
[Result "1/2-1/2"]
[WhiteElo "1977"]
[BlackElo "1975"]
[PlyCount "56"]
[EventDate "2016.??.??"]

1. e4 c5 2. Nf3 e6 3. b3 Nf6 4. Nc3 d5 5. Bb5+ Bd7 6. Bxd7+ Nbxd7 7. exd5 Nxd5
8. Nxd5 exd5 9. O-O Be7 10. d4 O-O 11. dxc5 Bf6 12. Rb1 Nxc5 13. Ba3 Qa5 14.
Qc1 Qc7 15. c4 dxc4 16. Qxc4 Rfc8 17. Rbc1 Ne6 18. Qb5 Qb8 19. Rxc8+ Qxc8 20.
Rc1 Qb8 21. Qd7 b6 22. h3 Nf8 23. Qc6 Ne6 24. Qd7 Qe8 25. Qb7 Qb8 26. Qd7 Qe8
27. Qb7 Qb8 28. Qd7 Qe8 1/2-1/2

[Event "SR 2. liga A 2016/2017"]
[Site "?"]
[Date "2017.02.12"]
[Round "9.6"]
[White "Gzib, David"]
[Black "Tomanek, Rafael"]
[Result "1/2-1/2"]
[WhiteElo "1752"]
[BlackElo "2011"]
[PlyCount "62"]
[EventDate "2016.??.??"]

1. e4 c6 2. d4 d5 3. e5 Bf5 4. g4 Bd7 5. Bd3 e6 6. Be3 c5 7. c3 Nc6 8. Nf3 cxd4
9. cxd4 Qb6 10. Qd2 Nb4 11. Be2 Rc8 12. Nc3 Ne7 13. O-O Ng6 14. h4 h5 15. g5
Ne7 16. a3 Na6 17. Bd3 g6 18. Kh2 Bg7 19. Rac1 O-O 20. Ng1 Nc7 21. Nh3 a6 22.
f4 Nf5 23. Bxf5 exf5 24. Nf2 Bb5 25. Nxb5 Qxb5 26. Nd3 Ne6 27. Rfd1 Rc4 28.
Rxc4 dxc4 29. Nb4 a5 30. Na2 Qb3 31. Nc3 b5 1/2-1/2

[Event "SR 2. liga A 2016/2017"]
[Site "?"]
[Date "2017.02.12"]
[Round "9.6"]
[White "Henc, Marian"]
[Black "Jurcak, Marian"]
[Result "1/2-1/2"]
[WhiteElo "1934"]
[BlackElo "1789"]
[PlyCount "137"]
[EventDate "2016.??.??"]

1. c4 e6 2. Nf3 Nf6 3. Nc3 d5 4. cxd5 exd5 5. d4 Bg4 6. e3 c6 7. Be2 Bd6 8. Bd2
Qc7 9. h3 Bxf3 10. Bxf3 Nbd7 11. Rc1 Qd8 12. O-O O-O 13. a3 Rc8 14. Re1 Re8 15.
b4 a6 16. Qb3 Nb6 17. Be2 Bb8 18. a4 Qd6 19. g3 Qe6 20. b5 Nc4 21. Rc2 Nxd2 22.
Rxd2 Bxg3 23. Bg4 Nxg4 24. fxg3 Nf6 25. Kh2 Ne4 26. Nxe4 dxe4 27. Qxe6 Rxe6 28.
bxa6 bxa6 29. Rb1 Rf6 30. Rb6 a5 31. Rc2 h6 32. Rc5 Rf2+ 33. Kg1 Rf3 34. d5
Rxe3 35. dxc6 Rxg3+ 36. Kf2 Rg6 37. Ke3 Re6 38. Rxa5 Rcxc6 39. Rxc6 Rxc6 40.
Kxe4 Rc3 41. Ra8+ Kh7 42. a5 Rxh3 43. Kd5 h5 44. Rb8 Ra3 45. Rb5 g6 46. Kc6 h4
47. Kb6 Kh6 48. a6 g5 49. Ra5 Re3 50. Kb7 Kh5 51. a7 Re7+ 52. Kc6 Rxa7 53. Rxa7
f5 54. Kd5 h3 55. Ke5 Kg4 56. Ra4+ f4 57. Ra1 h2 58. Ke4 f3 59. Rf1 f2 60. Ke3
Kg3 61. Ke2 g4 62. Ke3 Kg2 63. Rxf2+ Kh3 64. Rf7 Kg3 65. Rh7 Kg2 66. Kf4 g3 67.
Kg4 Kf2 68. Rh3 g2 69. Rxh2 1/2-1/2